000 01917nam a2200277 a 4500
008 120416s1977 ||||||||||||||||| || u
020 _a0256018383
050 _aHF 5415.2 Boy
100 _aBoyd, Harper W
245 1 0 _aMarketing research
246 _atext and cases
250 _a4th ed.
260 _aHomewood, Illinois
_bRichard D. Irwin
_c1977
300 _axii, 692p. : ill.
350 _a0.00
700 _aStasch, Stanley F
995 _aANNEX COLLECTION (Main Library)
_D0.00
_e701823
_FCBU-MAIN LIBRARY (Kitwe)
_H3
_I0.00
_jHF 5415.2 Boy
_M7
_UAVAILABLE
_y005654
_ZAnnex Low-Usage Collection
995 _aANNEX COLLECTION (Main Library)
_D0.00
_e701837
_FCBU-MAIN LIBRARY (Kitwe)
_H1
_I0.00
_jHF 5415.2 Boy
_M6
_UAVAILABLE
_WApr 28, 2006
_y005660
_ZAnnex Low-Usage Collection
995 _aMAIN LIBRARY OPEN ACCESS
_D0.00
_e701837
_FCBU-MAIN LIBRARY (Kitwe)
_H8
_I0.00
_jHF 5415.2 Boy
_M1
_UAVAILABLE
_y005656
_ZMain Library Open Access Collection
995 _aANNEX COLLECTION (Main Library)
_D0.00
_e005658
_FCBU-MAIN LIBRARY (Kitwe)
_H7
_I0.00
_jHF 5415.2 Boy
_M2
_UAVAILABLE
_y005658
_ZAnnex Low-Usage Collection
995 _aANNEX COLLECTION (Main Library)
_D0.00
_e701828
_FCBU-MAIN LIBRARY (Kitwe)
_H9
_I0.00
_jHF 5415.2 Boy
_M9
_UAVAILABLE
_y005655
_ZAnnex Low-Usage Collection
995 _aMAIN LIBRARY OPEN ACCESS
_D0.00
_e005659
_FCBU-MAIN LIBRARY (Kitwe)
_H4
_I0.00
_jHF 5415.2 Boy
_M3
_UAVAILABLE
_y005659
_ZMain Library Open Access Collection
995 _aANNEX COLLECTION (Main Library)
_D0.00
_e005662
_FCBU-MAIN LIBRARY (Kitwe)
_H2
_I0.00
_jHF 5415.2 Boy
_M5
_UAVAILABLE
_y005662
_ZAnnex Low-Usage Collection
995 _aANNEX COLLECTION (Main Library)
_D0.00
_e701822
_FCBU-MAIN LIBRARY (Kitwe)
_H6
_I0.00
_jHF 5415.2 Boy
_M4
_UAVAILABLE
_y005661
_ZAnnex Low-Usage Collection
995 _aANNEX COLLECTION (Main Library)
_D0.00
_e701824
_FCBU-MAIN LIBRARY (Kitwe)
_H5
_I0.00
_jHF 5415.2 Boy
_M8
_UAVAILABLE
_y005657
_ZAnnex Low-Usage Collection
999 _c82672
_d82672